[Event "ESTCC U65 2018"]
[Site "Walbrzych"]
[Date "2018.04.20"]
[Round "7"]
[White "Baum, Bernd"]
[Black "Hurme, Harri"]
[Result "1/2-1/2"]
[WhiteElo "2290"]
[BlackElo "2229"]
[Annotator "NA"]
[PlyCount "113"]
[EventDate "2018.??.??"]
[EventCountry "POL"]
[SourceTitle "playchess.com"]
[Source "ChessBase"]
[SourceQuality "1"]
[WhiteTeam "Germany"]
[BlackTeam "Finland"]
[WhiteTeamCountry "GER"]
[BlackTeamCountry "FIN"]
[TimeControl "40/5400+30:1800+30"]

1. c4 {[%emt 0:00:00]} g6 {[%emt 0:00:13]} 2. g3 {[%emt 0:00:29]} Bg7 {[%emt 0:00:17]} 3. Bg2 {[%emt 0:00:06]} Nf6 {[%emt 0:00:37]} 4. Nc3 {[%emt 0:00:16]} c6 {[%emt 0:01:58]} 5. e4 {[%emt 0:02:39]} e5 {[%emt 0:02:12]} 6. Nge2 {[%emt 0:01:07]} O-O {[%emt 0:01:39]} 7. O-O {[%emt 0:00:13]} d6 {[%emt 0:00:35] LiveBook: 138 Games} 8. d3 {[%emt 0:00:09]} a6 {[%emt 0:02:30]} 9. h3 {[%emt 0:01:59]} b5 {[%emt 0:00:47]} 10. a3 {[%emt 0:05:37]} Nbd7 {[%emt 0:02:19] A24: English Opening vs King's Indian: Lines without ...Nc6} 11. Be3 {[%emt 0:03:09]} Rb8 {[%emt 0:03:52]} 12. Rb1 {[%emt 0:12:45]} Nc5 $146 {[%emt 0:06:03]} (12... Re8 $11) ({Predecessor:} 12... Bb7 13. Kh2 d5 14. exd5 cxd5 15. cxd5 Nb6 16. Ne4 Bxd5 17. N2c3 Nxe4 18. dxe4 {½-½ (31) Boros,D (2485)-Strunski,A (2366) Pardubice 2012}) 13. f4 {[%emt 0:09:23]} (13. d4 $14 Ne6 14. d5 cxd5 15. exd5 (15. cxd5 Nc5 $14)) 13... Nfd7 {[%emt 0:10:20]} ({Better is} 13... exf4 $15 14. gxf4 bxc4) 14. f5 {[%emt 0:02:48]} Nb6 {[%emt 0:08:26]} 15. b3 {[%emt 0:01:19]} (15. b4 $5 {[%cal Rb4c5]} Nca4 16. Nxa4 Nxa4 17. g4 $16) 15... Bd7 {[%emt 0:02:02]} ({Black should play} 15... bxc4 $14 16. dxc4 (16. bxc4 Rb7 $11) 16... Qe7) 16. Qd2 {[%emt 0:04:01]} a5 {[%emt 0:02:52]} 17. cxb5 {[%emt 0:07:14]} cxb5 {[%emt 0:00:27]} 18. b4 {[%emt 0:05:50]} axb4 {[%emt 0:01:13]} 19. axb4 {[%emt 0:00:53]} Nca4 {[%emt 0:00:52]} 20. g4 {[%emt 0:03:33]} f6 {[%emt 0:02:47]} 21. Kh2 {[%emt 0:06:18]} Bc6 {[%emt 0:03:44]} 22. Rbc1 {[%emt 0:02:15]} Rc8 {[%emt 0:01:28]} 23. Rc2 {[%emt 0:07:42]} Qd7 {[%emt 0:02:02]} 24. Rfc1 {[%emt 0:00:33]} Bb7 {[%emt 0:00:37]} 25. Nxa4 Nxa4 {[%emt 0:00:19]} 26. d4 {[%emt 0:04:18]} gxf5 {[%emt 0:03:50]} 27. gxf5 {[%emt 0:00:00]} d5 {[%emt 0:01:13]} 28. exd5 {[%emt 0:05:04]} Qxf5 {[%emt 0:01:16]} 29. Ng3 {[%emt 0:00:30]} Qd7 {[%emt 0:01:18]} 30. dxe5 {[%emt 0:00:25]} fxe5 {[%emt 0:00:25]} 31. Be4 {[%emt 0:04:39]} Rxc2 {[%emt 0:01:47]} 32. Rxc2 {[%emt 0:00:26]} Bc8 {[%emt 0:00:47]} 33. Qg2 {[%emt 0:00:56]} Kh8 {[%emt 0:00:55]} 34. Rc1 {[%emt 0:03:43]} Nb2 {[%emt 0:02:34]} 35. Rxc8 {[%emt 0:01:17]} Qxc8 36. Qxb2 Qc4 {[%emt 0:02:53]} 37. Qc2 {[%emt 0:01:55]} Rc8 {[%emt 0:00:46]} (37... Qxc2+ $142 38. Bxc2 Bh6) 38. Qxc4 {[%emt 0:00:57]} (38. Qd1 $142) 38... Rxc4 {[%emt 0:00:24]} 39. Bc5 {[%emt 0:00:16]} Bh6 {[%emt 0:01:35]} 40. d6 {[%emt 0:02:03]} Bg5 {[%emt 0:31:21]} 41. Kg2 {[%emt 0:04:45]} h5 {[%emt 0:00:00]} 42. Bd3 {[%emt 0:06:35]} Rc3 {[%emt 0:00:00]} 43. Bf5 {[%emt 0:00:34]} h4 {[%emt 0:00:00]} 44. Ne2 {[%emt 0:03:52]} Rb3 {[%emt 0:00:00]} 45. Kf2 {[%emt 0:05:20]} Kg7 {[%emt 0:00:00]} 46. Ng1 {[%emt 0:03:38]} Kf6 {[%emt 0:00:00]} 47. Bg4 {[%emt 0:00:21]} e4 {[%emt 0:00:00]} 48. d7 {[%emt 0:01:47]} Ke5 {[%emt 0:00:00]} 49. Be2 {[%emt 0:06:56]} Rb2 {[%emt 0:00:00]} 50. Be3 $2 {[%emt 0:00:51]} (50. Kf1 $18) 50... Bd8 {[%emt 0:00:00]} 51. Bc5 {[%emt 0:01:06]} Rd2 $11 {[%emt 0:00:00] [#]} 52. Ke1 $1 {[%emt 0:00:42]} Rxd7 {[%emt 0:00:00]} 53. Bxb5 {[%emt 0:00:04]} Rb7 {[%emt 0:00:00]} 54. Ba6 {[%emt 0:00:47]} Rd7 {[%emt 0:00:00]} 55. Ne2 {[%emt 0:01:00]} Be7 {[%emt 0:00:00]} 56. Bc8 {[%emt 0:01:34]} Rd8 {[%emt 0:00:00]} 57. Bxe7 {[%emt 0:00:37]} 1/2-1/2

[Event "ESTCC U65 2018"]
[Site "Walbrzych"]
[Date "2018.04.20"]
[Round "7"]
[White "Vucenovic, Dragomir"]
[Black "Giulian, Philip M"]
[Result "1/2-1/2"]
[WhiteElo "2248"]
[BlackElo "2124"]
[Annotator "NA"]
[PlyCount "33"]
[EventDate "2018.??.??"]
[EventCountry "POL"]
[SourceTitle "playchess.com"]
[Source "ChessBase"]
[SourceQuality "1"]
[WhiteTeam "Switzerland"]
[BlackTeam "Scotland"]
[WhiteTeamCountry "SUI"]
[BlackTeamCountry "SCO"]
[TimeControl "40/5400+30:1800+30"]

{[%evp 17,33,-4,32767,-18,-21,-21,0,-18,0,-11,32767,-2,0,32767,-15,-44,32767,-22]} 1. d4 {[%emt 0:00:00]} d5 {[%emt 0:00:06]} 2. Nf3 {[%emt 0:00:00]} e6 {[%emt 0:00:05]} 3. g3 {[%emt 0:00:00]} Nf6 {[%emt 0:00:09]} 4. Bg2 {[%emt 0:00:14]} b5 {[%emt 0:00:04]} 5. O-O {[%emt 0:00:19]} Bb7 {[%emt 0:00:14]} 6. Bg5 {[%emt 0:01:33]} Nbd7 {[%emt 0:00:56]} 7. Nbd2 {[%emt 0:00:43]} c5 {[%emt 0:01:05]} 8. c3 {[%emt 0:00:22]} Be7 {[%emt 0:00:36]} 9. a4 {[%emt 0:04:42]} b4 {[%emt 0:01:27]} 10. Ne5 {[%emt 0:06:49]} bxc3 {[%emt 0:09:55]} 11. bxc3 {[%emt 0:00:18]} cxd4 {[%emt 0:00:06]} 12. Nxd7 {[%emt 0:05:45]} Nxd7 {[%emt 0:03:31]} 13. Bxe7 {[%emt 0:00:12]} Qxe7 {[%emt 0:00:05]} 14. cxd4 {[%emt 0:00:25]} O-O {[%emt 0:00:19]} 15. e4 {[%emt 0:02:34]} dxe4 {[%emt 0:02:48]} 16. Bxe4 {[%emt 0:03:57]} Bxe4 {[%emt 0:00:57]} 17. Nxe4 $11 {[%emt 0:00:04]} 1/2-1/2

[Event "ESTCC U65 2018"]
[Site "Walbrzych"]
[Date "2018.04.20"]
[Round "7"]
[White "Ackermann, Hans Werner"]
[Black "Meskanen, Vesa"]
[Result "1-0"]
[WhiteElo "2211"]
[BlackElo "2066"]
[Annotator "NA"]
[PlyCount "45"]
[EventDate "2018.??.??"]
[EventCountry "POL"]
[SourceTitle "playchess.com"]
[Source "ChessBase"]
[SourceQuality "1"]
[WhiteTeam "Germany"]
[BlackTeam "Finland"]
[WhiteTeamCountry "GER"]
[BlackTeamCountry "FIN"]
[TimeControl "40/5400+30:1800+30"]

1. Nf3 {[%emt 0:00:00]} Nf6 {[%emt 0:00:20]} 2. c4 {[%emt 0:00:09]} g6 {[%emt 0:00:21]} 3. b3 {[%emt 0:00:06]} Bg7 {[%emt 0:00:30]} 4. Bb2 {[%emt 0:00:05]} O-O {[%emt 0:00:17]} 5. g3 {[%emt 0:00:34]} c6 {[%emt 0:00:43]} 6. Bg2 {[%emt 0:00:24]} d5 {[%emt 0:00:57]} 7. O-O {[%emt 0:00:06]} Re8 {[%emt 0:03:35]} 8. Qc2 {[%emt 0:04:22]} Bf5 {[%emt 0:05:38]} 9. d3 {[%emt 0:00:52]} Na6 {[%emt 0:19:33]} 10. Nbd2 {[%emt 0:04:05]} Nb4 {[%emt 0:06:15]} 11. Qc1 {[%emt 0:01:09]} a5 {[%emt 0:07:13]} (11... Bxd3 $5 12. Qc3 (12. exd3 Nxd3 13. Qb1 Nxb2 $15) 12... Bxe2 13. Qxb4 Bxf1 14. Rxf1 Qb6 $14) 12. a3 {[%emt 0:03:55]} Na6 {[%emt 0:00:22]} 13. Ra2 $14 {[%emt 0:00:04]} b5 {[%emt 0:02:20]} 14. e4 {[%emt 0:20:13]} dxe4 {[%emt 0:07:02]} 15. dxe4 {[%emt 0:00:19]} Nxe4 {[%emt 0:04:34]} 16. Bxg7 {[%emt 0:00:26]} Kxg7 {[%emt 0:00:15]} 17. Nh4 {[%emt 0:00:14]} Qd3 {[%emt 0:07:13]} 18. Nxe4 {[%emt 0:01:35]} Bxe4 {[%emt 0:03:27]} 19. Rd2 {[%emt 0:00:46]} Qxb3 {[%emt 0:03:07]} 20. Bxe4 {[%emt 0:00:56]} Rac8 {[%emt 0:00:31]} 21. cxb5 {[%emt 0:01:13]} cxb5 {[%emt 0:00:19]} 22. Qa1+ {[%emt 0:00:03]} Qc3 {[%emt 0:03:07]} 23. Bb7 {[%emt 0:00:25]} 1-0

[Event "ESTCC U65 2018"]
[Site "Walbrzych"]
[Date "2018.04.20"]
[Round "7"]
[White "Vinke, Dietmar"]
[Black "Kierzek, Matthias"]
[Result "1/2-1/2"]
[WhiteElo "2170"]
[BlackElo "2272"]
[Annotator "NA"]
[PlyCount "64"]
[EventDate "2018.??.??"]
[EventCountry "POL"]
[SourceTitle "playchess.com"]
[Source "ChessBase"]
[SourceQuality "1"]
[WhiteTeam "Finland"]
[BlackTeam "Germany"]
[WhiteTeamCountry "FIN"]
[BlackTeamCountry "GER"]
[TimeControl "40/5400+30:1800+30"]

1. d4 {[%emt 0:00:00]} d5 {[%emt 0:00:08]} 2. c4 {[%emt 0:00:00]} c6 {[%emt 0:00:05]} 3. Nf3 {[%emt 0:00:00]} Nf6 {[%emt 0:00:12]} 4. Nc3 {[%emt 0:00:01]} dxc4 {[%emt 0:00:14]} 5. a4 {[%emt 0:00:17]} Bf5 {[%emt 0:00:10]} 6. e3 {[%emt 0:00:31]} e6 {[%emt 0:00:17]} 7. Bxc4 {[%emt 0:00:14]} Bb4 {[%emt 0:00:08]} 8. O-O {[%emt 0:00:15]} Nbd7 {[%emt 0:00:10]} 9. Qe2 {[%emt 0:00:18]} O-O {[%emt 0:00:21]} 10. e4 {[%emt 0:00:21]} Bg6 {[%emt 0:00:03]} 11. Bd3 {[%emt 0:00:29]} Bh5 {[%emt 0:00:30]} 12. e5 {[%emt 0:00:31]} Nd5 {[%emt 0:00:06]} 13. Nxd5 {[%emt 0:00:07]} cxd5 {[%emt 0:00:07]} 14. Qe3 {[%emt 0:00:11]} Re8 {[%emt 0:01:12]} 15. Ne1 {[%emt 0:13:34]} Bg6 {[%emt 0:04:20]} 16. Bxg6 {[%emt 0:05:19]} hxg6 {[%emt 0:00:06] LiveBook: 7 Games} 17. Nd3 {[%emt 0:00:08]} Be7 {[%emt 0:04:20]} 18. Bd2 {[%emt 0:19:19]} Rc8 {[%emt 0:02:08]} 19. a5 {[%emt 0:08:16]} Qc7 {[%emt 0:12:39]} 20. Rfc1 {[%emt 0:01:24]} Qb8 $14 {[%emt 0:00:59]} 21. Rxc8 {[%emt 0:22:25]} Rxc8 {[%emt 0:00:11]} 22. Rc1 {[%emt 0:00:04]} Rxc1+ {[%emt 0:01:19]} 23. Nxc1 {[%emt 0:00:20]} b6 {[%emt 0:13:36]} 24. Qb3 {[%emt 0:03:10]} bxa5 {[%emt 0:10:24]} 25. Qxb8+ {[%emt 0:03:31]} Nxb8 {[%emt 0:00:05]} 26. Bxa5 {[%emt 0:00:05]} Nc6 {[%emt 0:00:40]} 27. Bc3 {[%emt 0:00:04]} Kf8 {[%emt 0:17:41]} 28. Kf1 {[%emt 0:00:07]} Ke8 {[%emt 0:00:43]} 29. Ke2 {[%emt 0:00:24]} Kd7 {[%emt 0:00:25]} 30. Kd3 {[%emt 0:05:43]} Kc7 {[%emt 0:01:10]} 31. f4 {[%emt 0:00:07]} Kb6 {[%emt 0:05:28]} 32. g4 {[%emt 0:03:44]} Nb4+ {[%emt 0:05:21]} 1/2-1/2

[Event "ESTCC U65 2018"]
[Site "Walbrzych"]
[Date "2018.04.20"]
[Round "7"]
[White "Sorensen, Bent"]
[Black "Hedin, Gunnar"]
[Result "1/2-1/2"]
[WhiteElo "2158"]
[BlackElo "2174"]
[Annotator "NA"]
[PlyCount "82"]
[EventDate "2018.??.??"]
[EventCountry "POL"]
[SourceTitle "playchess.com"]
[Source "ChessBase"]
[SourceQuality "1"]
[WhiteTeam "Denmark"]
[BlackTeam "Sweden"]
[WhiteTeamCountry "DEN"]
[BlackTeamCountry "SWE"]
[TimeControl "40/5400+30:1800+30"]

1. Nf3 {[%emt 0:00:00]} f5 {[%emt 0:00:24]} 2. b3 {[%emt 0:00:00]} Nf6 {[%emt 0:01:02]} 3. Bb2 {[%emt 0:00:00]} g6 {[%emt 0:00:18]} 4. e3 {[%emt 0:00:08] A04: Unusual lines after 1 Nf3 and King's Indian Attack} (4. Bxf6 exf6 5. c4 d5 6. cxd5 Qxd5 7. Nc3 Qa5 8. a3 c6 9. e3 Qc7 10. b4 Be6 11. g3 Nd7 {½-½ (52) Tkachiev,V (2644)-Mamedyarov,S (2726) Astana 2012}) 4... Bg7 {[%emt 0:00:18]} 5. d4 {[%emt 0:00:17]} O-O {[%emt 0:00:39]} 6. Nbd2 {[%emt 0:00:10]} d6 {[%emt 0:02:18]} 7. Bc4+ {[%emt 0:01:35]} e6 {[%emt 0:00:55]} 8. O-O {[%emt 0:01:03]} Nc6 {[%emt 0:01:56]} 9. a3 {[%emt 0:02:16]} Kh8 $146 {[%emt 0:04:37]} ({Predecessor:} 9... d5 10. Be2 {1-0 (45) Lamik,J (1780)-Kiraly,B (1308) Hungary 2013}) 10. b4 {[%emt 0:08:42]} a6 {[%emt 0:01:35]} 11. Rb1 {[%emt 0:04:23]} Qe7 {[%emt 0:03:31]} 12. b5 {[%emt 0:04:18]} ({White should try} 12. Re1 $11) 12... axb5 {[%emt 0:00:09]} 13. Bxb5 {[%emt 0:00:07]} Bd7 {[%emt 0:00:46]} 14. Qe2 {[%emt 0:03:10]} Rae8 {[%emt 0:47:16]} 15. Rfe1 {[%emt 0:13:29]} Nd8 {[%emt 0:05:57]} 16. a4 {[%emt 0:02:44]} Bc6 {[%emt 0:02:43]} 17. Ba3 {[%emt 0:02:30]} Ne4 {[%emt 0:02:21]} 18. Nxe4 {[%emt 0:13:05]} fxe4 {[%emt 0:00:25]} 19. Bxc6 {[%emt 0:00:13]} bxc6 {[%emt 0:01:53]} 20. Nd2 {[%emt 0:01:27]} e5 {[%emt 0:01:10]} 21. dxe5 {[%emt 0:09:10]} Bxe5 {[%emt 0:00:22]} 22. Nxe4 {[%emt 0:00:44]} Bxh2+ {[%emt 0:00:50]} 23. Kxh2 {[%emt 0:00:11]} Qxe4 {[%emt 0:00:20]} 24. Rb4 {[%emt 0:01:22]} Qd5 {[%emt 0:02:48]} 25. Kg1 {[%emt 0:04:27]} Ne6 {[%emt 0:00:35]} 26. Rd1 {[%emt 0:07:10]} Qf5 {[%emt 0:02:34]} 27. Rd2 {[%emt 0:03:42]} Kg8 {[%emt 0:01:29]} 28. Qc4 {[%emt 0:03:03]} c5 {[%emt 0:05:10]} 29. Rb7 {[%emt 0:00:12]} Qf7 {[%emt 0:00:58]} 30. Bb2 {[%emt 0:01:19]} h5 {[%emt 0:00:32]} 31. a5 {[%emt 0:01:09]} Kh7 {[%emt 0:00:33]} 32. a6 {[%emt 0:00:22]} Ra8 {[%emt 0:04:00]} 33. f3 {[%emt 0:03:29]} Nd8 {[%emt 0:02:04]} 34. Qb5 {[%emt 0:02:21]} Nxb7 {[%emt 0:00:32]} 35. axb7 {[%emt 0:00:06]} Rab8 {[%emt 0:00:10]} 36. e4 {[%emt 0:00:37]} Qe8 {[%emt 0:00:22]} 37. Qb3 {[%emt 0:00:20]} Qc6 {[%emt 0:01:02]} 38. Qe6 $1 {[%emt 0:02:13]} Qe8 {[%emt 0:00:57]} 39. Qb3 {[%emt 0:00:13]} Qc6 {[%emt 0:00:09]} 40. Qe6 {[%emt 0:00:00]} Qe8 $11 {[%emt 0:00:20]} 41. Qb3 {[%emt 0:00:27]} Qc6 1/2-1/2

[Event "ESTCC U65 2018"]
[Site "Walbrzych"]
[Date "2018.04.20"]
[Round "7"]
[White "Malmdin, Nils-Ake"]
[Black "Jorgensen, Brian Jorgen"]
[Result "0-1"]
[WhiteElo "2154"]
[BlackElo "2255"]
[Annotator "NA"]
[PlyCount "53"]
[EventDate "2018.??.??"]
[EventCountry "POL"]
[SourceTitle "playchess.com"]
[Source "ChessBase"]
[SourceQuality "1"]
[WhiteTeam "Sweden"]
[BlackTeam "Denmark"]
[WhiteTeamCountry "SWE"]
[BlackTeamCountry "DEN"]
[TimeControl "40/5400+30:1800+30"]

1. e4 {[%emt 0:00:00]} c6 {[%emt 0:00:06]} 2. d4 {[%emt 0:00:04]} d5 {[%emt 0:00:07]} 3. e5 {[%emt 0:00:23]} Bf5 {[%emt 0:00:09]} 4. Nf3 {[%emt 0:00:52]} e6 {[%emt 0:00:11]} 5. Be2 {[%emt 0:00:32]} Nd7 {[%emt 0:00:24]} 6. O-O {[%emt 0:01:04]} Ne7 {[%emt 0:00:26]} 7. Nbd2 {[%emt 0:03:03]} h6 {[%emt 0:07:18]} 8. c3 {[%emt 0:02:09]} g5 {[%emt 0:05:16] LiveBook: 13 Games} 9. b4 {[%emt 0:07:36]} a5 10. b5 {[%emt 0:08:37]} c5 {[%emt 0:03:59]} 11. dxc5 {[%emt 0:05:10]} Nxc5 {[%emt 0:00:31]} 12. Ba3 {[%emt 0:01:02]} Rc8 {[%emt 0:01:28]} 13. Nd4 {[%emt 0:15:14]} Bg7 {[%emt 0:08:54]} 14. N2f3 $11 {[%emt 0:17:16]} (14. Nxf5 $14 Nxf5 15. Bg4) 14... Be4 {[%emt 0:21:29]} 15. Bb2 {[%emt 0:13:01]} O-O {[%emt 0:12:16]} 16. h3 {[%emt 0:01:58]} Ng6 {[%emt 0:01:32]} 17. Re1 {[%emt 0:02:28]} Nxe5 {[%emt 0:04:27]} 18. Nxe5 {[%emt 0:00:37]} Bxe5 {[%emt 0:00:09]} 19. Bf1 {[%emt 0:00:13]} Bg7 {[%emt 0:00:40]} 20. Rc1 {[%emt 0:01:03]} Re8 {[%emt 0:01:53]} 21. Ba1 {[%emt 0:02:27]} Qb6 {[%emt 0:01:52]} 22. Nf3 {[%emt 0:03:08]} Bf5 {[%emt 0:03:36]} 23. Nd4 {[%emt 0:03:08]} Bg6 {[%emt 0:00:55]} 24. Qf3 {[%emt 0:03:19]} Ne4 {[%emt 0:03:35]} 25. Qe3 {[%emt 0:00:52]} Nd6 {[%emt 0:04:12]} 26. a4 {[%emt 0:01:09]} Nc4 {[%emt 0:00:45]} 27. Nb3 0-1

[Event "ESTCC U65 2018"]
[Site "Walbrzych"]
[Date "2018.04.20"]
[Round "7"]
[White "Holst, Per"]
[Black "Hammar, Bengt"]
[Result "0-1"]
[WhiteElo "2140"]
[BlackElo "2133"]
[Annotator "NA"]
[PlyCount "90"]
[EventDate "2018.??.??"]
[EventCountry "POL"]
[SourceTitle "playchess.com"]
[Source "ChessBase"]
[SourceQuality "1"]
[WhiteTeam "Denmark"]
[BlackTeam "Sweden"]
[WhiteTeamCountry "DEN"]
[BlackTeamCountry "SWE"]
[TimeControl "40/5400+30:1800+30"]

1. d4 {[%emt 0:00:00]} Nf6 {[%emt 0:00:44]} 2. c4 {[%emt 0:00:00]} g6 {[%emt 0:00:40]} 3. Nc3 {[%emt 0:00:00]} Bg7 {[%emt 0:01:49]} 4. e4 {[%emt 0:00:00]} d6 {[%emt 0:00:15]} 5. f3 {[%emt 0:00:09]} O-O {[%emt 0:00:51]} 6. Be3 {[%emt 0:00:08]} c6 {[%emt 0:03:31]} 7. Bd3 {[%emt 0:00:48]} a6 {[%emt 0:03:34]} 8. Nge2 {[%emt 0:00:42]} b5 {[%emt 0:01:38]} 9. O-O {[%emt 0:02:42]} Nbd7 {[%emt 0:04:43]} 10. b3 {[%emt 0:17:58]} e5 {[%emt 0:04:50]} 11. d5 {[%emt 0:00:50]} cxd5 {[%emt 0:00:34]} 12. cxd5 {[%emt 0:00:10] LiveBook: 5 Games} Nc5 {[%emt 0:00:57]} 13. Bc2 {[%emt 0:01:47]} b4 {[%emt 0:01:03]} 14. Na4 {[%emt 0:00:11]} Nxa4 {[%emt 0:00:44]} 15. bxa4 {[%emt 0:00:11]} Nd7 {[%emt 0:01:46]} 16. a3 {[%emt 0:00:49]} bxa3 {[%emt 0:02:24]} 17. Rxa3 {[%emt 0:04:21]} f5 {[%emt 0:00:31]} 18. exf5 {[%emt 0:02:06]} gxf5 {[%emt 0:00:13]} 19. f4 {[%emt 0:00:10]} Nb6 {[%emt 0:10:50]} 20. Bb3 {[%emt 0:06:00]} a5 {[%emt 0:01:31]} 21. Rf3 {[%emt 0:11:12]} Ba6 {[%emt 0:03:43]} 22. Rh3 {[%emt 0:05:54]} Bxe2 {[%emt 0:02:52]} 23. Qxe2 {[%emt 0:00:09]} Nd7 {[%emt 0:00:18]} 24. fxe5 {[%emt 0:01:57]} Bxe5 {[%emt 0:00:25]} 25. Bc2 {[%emt 0:01:00]} Rf7 {[%emt 0:02:11]} 26. Bxf5 {[%emt 0:02:55]} Kh8 {[%emt 0:01:57]} 27. Bc2 {[%emt 0:07:23]} Qe7 {[%emt 0:04:59]} 28. Rf3 {[%emt 0:08:53]} Rxf3 {[%emt 0:01:57]} 29. gxf3 {[%emt 0:00:58]} Qh4 {[%emt 0:02:12]} 30. f4 {[%emt 0:06:54]} Rg8+ {[%emt 0:02:31]} 31. Kh1 {[%emt 0:03:46]} Bxf4 {[%emt 0:02:48]} 32. Bxf4 {[%emt 0:02:08]} Qxf4 {[%emt 0:00:14]} 33. Rf3 {[%emt 0:04:07]} Qg4 {[%emt 0:10:48]} 34. Qf2 {[%emt 0:01:41]} Qg5 {[%emt 0:05:20]} 35. Qd4+ {[%emt 0:03:13]} Ne5 {[%emt 0:00:37]} 36. Rg3 {[%emt 0:00:16]} Qc1+ {[%emt 0:01:52]} 37. Bd1 {[%emt 0:00:33]} Rf8 {[%emt 0:05:13]} 38. Kg2 {[%emt 0:04:14]} Qh6 {[%emt 0:02:58]} 39. Be2 {[%emt 0:00:35]} Qf6 {[%emt 0:01:42]} 40. Qe3 {[%emt 0:00:00]} Ng6 {[%emt 0:02:29]} 41. Qc3 {[%emt 0:11:51]} Nf4+ {[%emt 0:04:11]} 42. Kf1 {[%emt 0:05:13]} Nxd5+ $15 {[%emt 0:00:11]} ({Black should try} 42... Qxc3 $19 43. Rxc3 Nxd5+ 44. Rf3 Kg7 45. Rxf8 Kxf8) 43. Qxf6+ {[%emt 0:00:12]} Rxf6+ {[%emt 0:00:54]} 44. Ke1 {[%emt 0:00:39]} Nf4 {[%emt 0:01:30]} 45. Rg4 {[%emt 0:05:16]} h5 {[%emt 0:04:22]} 0-1

[Event "ESTCC U65 2018"]
[Site "Walbrzych"]
[Date "2018.04.20"]
[Round "7"]
[White "Kradolfer, Georg"]
[Black "White, Alastair F"]
[Result "1-0"]
[WhiteElo "2084"]
[BlackElo "2069"]
[Annotator "NA"]
[PlyCount "137"]
[EventDate "2018.??.??"]
[EventCountry "POL"]
[SourceTitle "playchess.com"]
[Source "ChessBase"]
[SourceQuality "1"]
[WhiteTeam "Switzerland"]
[BlackTeam "Scotland"]
[WhiteTeamCountry "SUI"]
[BlackTeamCountry "SCO"]
[TimeControl "40/5400+30:1800+30"]

1. c4 {[%emt 0:00:00]} e5 {[%emt 0:00:11]} 2. Nc3 {[%emt 0:00:00]} Nf6 {[%emt 0:00:13]} 3. g3 {[%emt 0:00:00]} d5 {[%emt 0:00:18]} 4. cxd5 {[%emt 0:00:05]} Nxd5 {[%emt 0:00:07]} 5. Bg2 {[%emt 0:00:23]} Nb6 {[%emt 0:00:11]} 6. Nf3 {[%emt 0:01:36]} Nc6 {[%emt 0:00:09]} 7. d3 {[%emt 0:00:53]} Be7 {[%emt 0:00:20]} 8. O-O {[%emt 0:00:22]} O-O {[%emt 0:00:20]} 9. Be3 {[%emt 0:01:52]} Be6 {[%emt 0:00:41]} 10. a3 {[%emt 0:00:45]} Nd5 {[%emt 0:06:18]} 11. Nxd5 {[%emt 0:04:41]} Bxd5 {[%emt 0:01:13]} 12. Rc1 {[%emt 0:03:49]} Re8 {[%emt 0:12:36]} 13. b4 {[%emt 0:07:36] A29: English Opening: Four Knights Variation with 4 g3} (13. Qa4 a6 14. Rc3 Bf6 15. Rc5 Ne7 16. Rfc1 c6 17. Bg5 Bxg5 18. Nxg5 Bxg2 19. Kxg2 Nf5 20. Qg4 Nd6 {½-½ (40) Karjakin,S (2766)-Topalov,V (2785) Khanty-Mansiysk 2014}) 13... a5 {[%emt 0:00:34]} 14. b5 {[%emt 0:14:36]} Nd4 {[%emt 0:00:46]} 15. Nxd4 $146 {[%emt 0:01:51]} ({Predecessor:} 15. Bxd4 exd4 16. Qa4 Bf6 17. Rfe1 c6 18. bxc6 Bxc6 19. Qb3 a4 20. Qb2 Qd7 {½-½ (51) Shvets,G (2034)-Mucha,J (2064) ICCF email 2015}) 15... Bxg2 {[%emt 0:02:32]} 16. Kxg2 {[%emt 0:07:50]} exd4 {[%emt 0:00:23]} 17. Bf4 {[%emt 0:00:44]} Bxa3 {[%emt 0:00:38]} 18. Rxc7 {[%emt 0:01:43]} Bd6 {[%emt 0:17:57]} 19. Bxd6 {[%emt 0:04:10]} Qxd6 {[%emt 0:00:07]} 20. Qc2 {[%emt 0:03:58]} Qe6 {[%emt 0:18:33]} 21. Rc1 {[%emt 0:15:11]} a4 {[%emt 0:04:41]} 22. Qc4 {[%emt 0:08:06]} Qxc4 {[%emt 0:10:35]} 23. R7xc4 {[%emt 0:00:33]} a3 {[%emt 0:01:19]} 24. Kf3 {[%emt 0:03:53]} Ra5 {[%emt 0:03:07]} 25. Ra1 {[%emt 0:02:15]} Rd8 {[%emt 0:07:08]} 26. Rb4 {[%emt 0:00:46]} f5 {[%emt 0:01:48]} 27. Rb3 {[%emt 0:01:28]} Rda8 {[%emt 0:01:26]} 28. Kf4 {[%emt 0:05:22]} g6 {[%emt 0:00:57]} 29. Ra2 {[%emt 0:00:24]} Kf7 {[%emt 0:00:31]} 30. e3 {[%emt 0:02:03]} Ra4 {[%emt 0:01:43]} 31. e4 {[%emt 0:01:58]} fxe4 {[%emt 0:00:28]} 32. dxe4 {[%emt 0:02:14]} Ke6 {[%emt 0:00:52]} 33. b6 {[%emt 0:00:32]} R8a5 {[%emt 0:00:49]} 34. h4 {[%emt 0:02:27]} h6 {[%emt 0:00:25]} 35. Kf3 {[%emt 0:01:03]} g5 {[%emt 0:00:30]} (35... Ke5 $17 36. g4 g5) 36. hxg5 {[%emt 0:00:21]} hxg5 {[%emt 0:00:05]} 37. Ke2 {[%emt 0:00:43]} g4 {[%emt 0:00:25]} 38. f4 {[%emt 0:00:52]} gxf3+ {[%emt 0:00:06]} 39. Rxf3 {[%emt 0:00:49]} Rb5 {[%emt 0:01:04]} (39... Ra6 $17 40. Rb3 Ra8) 40. Rfxa3 {[%emt 0:00:00]} Rxa3 {[%emt 0:00:16]} 41. Rxa3 {[%emt 0:01:08]} Rxb6 {[%emt 0:00:40]} 42. Kd3 {[%emt 0:01:57]} Rd6 {[%emt 0:00:35]} 43. Rb3 {[%emt 0:01:31]} Rd7 {[%emt 0:00:40]} 44. Rb5 {[%emt 0:01:34]} Kf6 {[%emt 0:00:53]} 45. Rf5+ {[%emt 0:01:57]} Ke6 {[%emt 0:02:36] [#]} 46. g4 $1 {[%emt 0:00:20]} Rd8 {[%emt 0:01:19]} 47. Rb5 {[%emt 0:00:36]} (47. g5 $16) 47... Rd7 $16 {[%emt 0:01:07]} (47... Kf6 $1 $11) 48. g5 {[%emt 0:00:15]} Kf7 {[%emt 0:02:14]} 49. Rd5 {[%emt 0:02:51]} Rc7 {[%emt 0:00:16]} 50. Kxd4 {[%emt 0:02:43]} Kg6 {[%emt 0:00:07]} 51. Ke5 {[%emt 0:02:49]} Rc1 {[%emt 0:01:48]} 52. Ke6 {[%emt 0:05:56]} Rc4 {[%emt 0:06:22]} 53. e5 {[%emt 0:01:34]} Kxg5 {[%emt 0:04:30]} 54. Kd7 {[%emt 0:00:43]} Re4 {[%emt 0:00:42]} 55. e6+ {[%emt 0:00:51]} Kf6 {[%emt 0:00:06]} 56. Rd1 {[%emt 0:00:13]} b5 {[%emt 0:02:06]} 57. Rf1+ {[%emt 0:00:39]} Ke5 {[%emt 0:00:08]} 58. e7 {[%emt 0:00:37]} Kd4 {[%emt 0:00:08]} 59. Rf4 {[%emt 0:03:01]} Rxf4 {[%emt 0:00:07]} 60. e8=Q {[%emt 0:00:08]} Re4 {[%emt 0:00:57]} 61. Qh5 {[%emt 0:02:04]} Re5 {[%emt 0:03:22]} 62. Qd1+ {[%emt 0:00:29]} Kc4 {[%emt 0:00:51]} 63. Qc2+ {[%emt 0:00:34]} Kd4 {[%emt 0:00:17]} 64. Qb2+ {[%emt 0:00:44]} Ke4 {[%emt 0:00:18]} 65. Kd6 {[%emt 0:00:48]} Rg5 {[%emt 0:02:07]} 66. Qf6 {[%emt 0:01:14]} Rf5 {[%emt 0:01:47]} 67. Qh4+ {[%emt 0:01:10]} Rf4 {[%emt 0:02:40]} 68. Qe1+ {[%emt 0:00:13]} Kd3 {[%emt 0:02:14]} 69. Qb1+ {[%emt 0:00:14] Ke4 Kd5+} 1-0